| 000 | 00602cam a22002295a 4500 | ||
|---|---|---|---|
| 001 | L157823 | ||
| 002 | 18907 | ||
| 008 | 130530s2011 xxk f 000 0 eng d | ||
| 020 | _a9781859463901 | ||
| 035 | _a(Sirsi) u157823 | ||
| 041 | 0 | _aeng | |
| 050 | 0 | 4 | _a692.8 |
| 100 | 1 | _aLupton, Sarah | |
| 245 | 0 | 0 | _aGuide to ic11 |
| 260 |
_aLondon _bRIBA _c2011 |
||
| 350 | _a40.00 | ||
| 520 | _aGuide to JCT Intermediate Building Contract 2011. Points out the changes to the 2011 contract. | ||
| 590 | _aKA | ||
| 650 | 2 | 4 | _aJCT Intermediate Building Contract |
| 651 | 4 | _aENGLAND AND WALES | |
| 942 | _n0 | ||
| 999 |
_c114986 _d114986 |
||